01146nam a2200193Ia 4500001001100000003001000011008004100021040002500062041001200087100001700099245005400116250001100170260009000181300001200271500026600283501011400549520026600663650002300929L250-17008IT-CnALBA170116s9999||||xx |||||||||||||| ||und|| aIT-CnALBAcIT-CnALBA aLATINO  aSENZA AUTORE 0aENCHIRIDION INDULGENTIARUM. PRECES ET PIA OPERA.  a1a ed. a ROMAE.bTYPIS POLIGLOTTIS VATICANIS. c1950 [1° Ed.:1950 - Ed.Ling.Originale: 1950] a679 p.  aDIO UNO E TRINO. PADRE. FIGLIO. NOME DI GESÙ. GESÙ BAMBINO. EUCARISTICO. CROCIFISSO. SANGUE DI GESÙ. SACRO CUORE. CRISTO RE. S. FAMIGLIA. SPIRITO SANTO. MARIA VERGINE. ADDOLORATA. CUORE DI MARIA. ROSARIO. CARMELO. S. MICHELE. SANTI APOSTOLI. SAN GIUSEPPE. aSocietà San Paolo EM - Piazza San Paolo, 14 - 12051 ALBA (CN) (non commercial uses only) ® Copyright 2017 aDIO UNO E TRINO. PADRE. FIGLIO. NOME DI GESÙ. GESÙ BAMBINO. EUCARISTICO. CROCIFISSO. SANGUE DI GESÙ. SACRO CUORE. CRISTO RE. S. FAMIGLIA. SPIRITO SANTO. MARIA VERGINE. ADDOLORATA. CUORE DI MARIA. ROSARIO. CARMELO. S. MICHELE. SANTI APOSTOLI. SAN GIUSEPPE. aTEOLOGIA PASTORALE